00875nam a2200253 a 4500001001000000005001700010008004100027020001500068050002100083100002900104245006800133250000600201260003000207300002400237500003400261504003200295650003900327650004700366650004300413650003700456942001100493999001500504952010200519BRCA_125920190320203342.0spas20c2000----sp-a---###---#000-paspa-# a8425218233 4aND615b.B32 20001 aBaxandall, Michael9414810aPintura y vida cotidiana en el RenacimientocMichael Baxandall. a4 aBarcelonabG. Gilic2000. a201 p.bil.c21 cm. aIncluye índice onomástico aBibliografía : p. 190-19714aPintura renacentistazItalia9414914aPintura italianaxHistoriaySiglo XV9415014aPinturaxAspectos psicológicos9415114aItaliaxHistoriaySiglo XV94152 2lcccB c1128d1128 00104070aBRCAbBRCAd2008-06-26l0oND615 .B32 2000p01761r2019-03-22 00:00:00w2019-03-22yB